000 00721nam a2200229Ii 4500
003 JO-AjNU
008 230605s9999||||xx |||||||||||||| ||und||
017 _a2003/4/734
020 _a9957-09-126-3
040 _aJO-AjNU
_bara
_erda
_cJO-AjNU
041 _aara
050 1 4 _aPJ7866.D9.K87 2003
100 3 _aالعدوان، أمينة,
_eauthor
_948562
245 0 0 _aكريات دم حمراء: شعر
250 _aط1
264 3 1 _aعمان: أزمنة للنشر والتوزيع، 2003
300 _a179ص
336 _atext
_btxt
_2rdacontent
337 _aunmediated
_bn
_2rdamedia
338 _avolume
_bnc
_2rdacarrier
650 4 _aالشعر العربي - العصر الحديث - الأردن
_948563
999 _aA21275
_c24843
_d24843